000 00296nam a22001337a 4500
008 181020b xxu||||| |||| 00| 0 eng d
020 _a0901260908
041 _aeng
080 _a610
100 _a4
101 _aSHM
245 _aGait Analysis in Cerebral Palsy
_cGage, J.R
942 _2udc
_cBK
999 _c50309
_d50309